| 000 | 00485nam a22001817a 4500 | ||
|---|---|---|---|
| 003 | CEME | ||
| 005 | 20210628203353.0 | ||
| 008 | 210122b xxu||||| |||| 00| 0 eng d | ||
| 020 | _a978-969-9529-00 | ||
| 040 | _c. | ||
| 082 | _a321.8 SAM | ||
| 100 |
_aSamina Bashir _965032 |
||
| 245 | _aChange - a pro khilafa concept of democracy | ||
| 260 |
_aLAHORE _bSAMINA BASHIR _c2010 |
||
| 300 | _a104P | ||
| 650 |
_aCHANGE - A PRO KHILAFA CONCEPT OF DEMOCRACY _965033 |
||
| 942 |
_cBK _2ddc |
||
| 999 |
_c573359 _d573359 |
||